[Event "SA-2019-0-00704"]
[Site "LSS email"]
[Date "2019.11.04"]
[Round "?"]
[White "Lubben, Hendrik"]
[Black "Balleer, Dieter"]
[Result "0-1"]
[WhiteElo "2110"]
[BlackElo "2156"]
[PlyCount "34"]
[EventDate "2019.09.21"]
[EventType "tourn (corr)"]
[EventRounds "6"]
[EventCountry "GER"]
[SourceTitle "Corr 2022"]
[Source "ChessBase"]
[SourceDate "2021.10.24"]
[SourceVersion "1"]
[SourceVersionDate "2021.10.24"]
[SourceQuality "1"]

1. d4 Nf6 2. c4 c5 3. d5 d6 4. Nc3 e5 5. e4 Be7 6. g3 0-0 7. Nf3 Nbd7 8. Bg2 Ne8 9. 0-0 g6 10. Bh6 Ng7 11. Qd2 Nf6 12. h3 Kh8 13. Ne1 Ng8 14. Be3 f5 15. f4 exf4 16. Rxf4 Bg5 17. Nd3 Re8 0-1

[Event "RA-2019-0-00637"]
[Site "LSS email"]
[Date "2019.09.27"]
[Round "?"]
[White "Lubben, Hendrik"]
[Black "Willmann, Bernd"]
[Result "1/2-1/2"]
[WhiteElo "2110"]
[BlackElo "2298"]
[PlyCount "47"]
[EventDate "2019.08.23"]
[EventType "tourn (corr)"]
[EventRounds "6"]
[EventCountry "GER"]
[SourceTitle "Corr 2022"]
[Source "ChessBase"]
[SourceDate "2021.10.24"]
[SourceVersion "1"]
[SourceVersionDate "2021.10.24"]
[SourceQuality "1"]

1. d4 Nf6 2. c4 e6 3. Nf3 b6 4. a3 Bb7 5. Nc3 d5 6. cxd5 Nxd5 7. Qc2 Nxc3 8. bxc3 Be7 9. e4 0-0 10. Bd3 c5 11. 0-0 cxd4 12. cxd4 Nc6 13. d5 Na5 14. dxe6 fxe6 15. Rd1 Qe8 16. Be3 Rd8 17. Qa2 Qg6 18. Nd4 Bxe4 19. Bxe4 Qxe4 20. Nxe6 Rxd1+ 21. Rxd1 Rc8 22. Nd4+ Nc4 23. Nf3 Qf5 24. Rc1 1/2-1/2

[Event "RA-2019-0-00637"]
[Site "LSS email"]
[Date "2019.09.27"]
[Round "?"]
[White "Sorcinelli, Andrea"]
[Black "Lubben, Hendrik"]
[Result "1/2-1/2"]
[WhiteElo "2211"]
[BlackElo "2110"]
[PlyCount "72"]
[EventDate "2019.08.23"]
[EventType "tourn (corr)"]
[EventRounds "6"]
[EventCountry "GER"]
[SourceTitle "Corr 2022"]
[Source "ChessBase"]
[SourceDate "2021.10.24"]
[SourceVersion "1"]
[SourceVersionDate "2021.10.24"]
[SourceQuality "1"]

1. d4 Nf6 2. c4 e6 3. Nc3 Bb4 4. Qc2 d5 5. cxd5 exd5 6. Bg5 h6 7. Bh4 Nc6 8. e3 g5 9. Bg3 h5 10. Bb5 h4 11. Be5 Rh6 12. Bxc6+ bxc6 13. h3 Ne4 14. Nge2 Bf5 15. Qc1 Nxc3 16. Nxc3 Bd3 17. Qd2 Bc4 18. b3 Ba6 19. a3 Bd6 20. Bxd6 cxd6 21. Na2 c5 22. f3 Rb8 23. Rb1 Bc4 24. Nc1 Kf8 25. Kf2 Qf6 26. Rb2 Ba6 27. Rc2 c4 28. Rb2 Qd8 29. b4 Qe7 30. Ne2 Re6 31. Nc3 Bb7 32. b5 Re8 33. Re1 f5 34. a4 g4 35. hxg4 fxg4 36. fxg4 Kg7 1/2-1/2

[Event "OP-2019-0-04848"]
[Site "LSS email"]
[Date "2019.09.24"]
[Round "?"]
[White "Correa de Almeida, Claudio"]
[Black "Lubben, Hendrik"]
[Result "1-0"]
[WhiteElo "1582"]
[BlackElo "2110"]
[PlyCount "49"]
[EventDate "2019.09.15"]
[EventType "tourn (corr)"]
[EventRounds "4"]
[EventCountry "GER"]
[SourceTitle "Corr 2022"]
[Source "ChessBase"]
[SourceDate "2021.10.24"]
[SourceVersion "1"]
[SourceVersionDate "2021.10.24"]
[SourceQuality "1"]

1. d4 Nf6 2. c4 e6 3. Nc3 Bb4 4. e3 0-0 5. Bd2 c5 6. Bd3 d5 7. a3 Bxc3 8. Bxc3 cxd4 9. Bxd4 Nc6 10. Bxf6 Qxf6 11. Qc2 Ne5 12. cxd5 Nxd3+ 13. Qxd3 Qxb2 14. Rb1 Qf6 15. d6 Rd8 16. f4 e5 17. fxe5 Qxe5 18. Nf3 Qxd6 19. Qxd6 Rxd6 20. Kf2 Ra6 21. Rhd1 Bf5 22. Rxb7 Rxa3 23. Rd4 Ra2+ 24. Kg3 h6 25. Ne5 1-0

[Event "OP-2019-0-04848"]
[Site "LSS email"]
[Date "2019.09.24"]
[Round "?"]
[White "Lubben, Hendrik"]
[Black "Lauer, Frederic"]
[Result "1-0"]
[WhiteElo "2110"]
[BlackElo "1212"]
[PlyCount "41"]
[EventDate "2019.09.15"]
[EventType "tourn (corr)"]
[EventRounds "4"]
[EventCountry "GER"]
[SourceTitle "Corr 2022"]
[Source "ChessBase"]
[SourceDate "2021.10.24"]
[SourceVersion "1"]
[SourceVersionDate "2021.10.24"]
[SourceQuality "1"]

1. e4 c5 2. Nf3 e6 3. d4 cxd4 4. Nxd4 a6 5. Bd3 Ne7 6. c3 b5 7. Be3 Nbc6 8. a4 Nxd4 9. cxd4 Bb7 10. 0-0 b4 11. Nd2 d5 12. f3 Nc6 13. Nb3 a5 14. f4 Be7 15. f5 dxe4 16. Bxe4 exf5 17. Rxf5 0-0 18. Qh5 Nxd4 19. Rd5 g6 20. Rxd8 gxh5 21. Rxd4 1-0

[Event "LSS RA-2008-0-00015"]
[Site "LSS email"]
[Date "2008.07.09"]
[Round "?"]
[White "Lubben, Hendrik"]
[Black "Hicdoenmez, Hakan"]
[Result "0-1"]
[WhiteElo "2105"]
[BlackElo "2026"]
[PlyCount "48"]
[EventDate "2008.07.03"]
[EventType "tourn (corr)"]
[EventRounds "6"]
[EventCountry "GER"]
[SourceTitle "Corr 2011"]
[Source "ChessBase"]
[SourceDate "2010.08.31"]
[SourceVersion "1"]
[SourceVersionDate "2010.08.31"]
[SourceQuality "1"]

1. d4 d5 2. c4 e6 3. Nc3 dxc4 4. e4 c5 5. Nf3 cxd4 6. Qxd4 Qxd4 7. Nxd4 Bd7 8. Bxc4 Nc6 9. Be3 a6 10. Nxc6 Bxc6 11. f3 Nf6 12. Kf2 Be7 13. Rac1 Rc8 14. Rhd1 0-0 15. Ne2 Bxe4 16. Nf4 Bc6 17. Nxe6 fxe6 18. Bxe6+ Kh8 19. Bxc8 Rxc8 20. a3 Kg8 21. Bc5 Bd8 22. Bd6 Kf7 23. Bf4 Bb6+ 24. Be3 Bc7 0-1

[Event "LSS RA-2008-0-00015"]
[Site "LSS email"]
[Date "2008.07.08"]
[Round "?"]
[White "Giordano, Michael"]
[Black "Lubben, Hendrik"]
[Result "1-0"]
[WhiteElo "1867"]
[BlackElo "2105"]
[PlyCount "31"]
[EventDate "2008.07.03"]
[EventType "tourn (corr)"]
[EventRounds "6"]
[EventCountry "GER"]
[SourceTitle "Corr 2011"]
[Source "ChessBase"]
[SourceDate "2010.08.31"]
[SourceVersion "1"]
[SourceVersionDate "2010.08.31"]
[SourceQuality "1"]

1. e4 c5 2. Nf3 d6 3. Nc3 Nf6 4. d3 e5 5. g3 Be7 6. Bg2 0-0 7. 0-0 Bg4 8. h3 Bd7 9. Nd2 a6 10. a4 Nc6 11. Nc4 Na5 12. Ne3 h6 13. f4 exf4 14. gxf4 Nc6 15. b3 Nd4 16. Bb2 1-0

[Event "LSS RA-2008-0-00015"]
[Site "LSS email"]
[Date "2008.07.07"]
[Round "?"]
[White "Sherwood, Russell"]
[Black "Lubben, Hendrik"]
[Result "1-0"]
[WhiteElo "1923"]
[BlackElo "2105"]
[PlyCount "29"]
[EventDate "2008.07.03"]
[EventType "tourn (corr)"]
[EventRounds "6"]
[EventCountry "GER"]
[SourceTitle "Corr 2011"]
[Source "ChessBase"]
[SourceDate "2010.08.31"]
[SourceVersion "1"]
[SourceVersionDate "2010.08.31"]
[SourceQuality "1"]

1. e4 c5 2. Nf3 d6 3. d4 cxd4 4. Nxd4 Nf6 5. Nc3 a6 6. Bg5 e6 7. f4 Be7 8. Qf3 Qc7 9. 0-0-0 Nbd7 10. g4 b5 11. Bxf6 Nxf6 12. g5 Nd7 13. f5 Ne5 14. Qg3 b4 15. Nce2 1-0

[Event "LSS RA-2008-0-00015"]
[Site "LSS email"]
[Date "2008.07.06"]
[Round "?"]
[White "Zakharov, Oleg Yu"]
[Black "Lubben, Hendrik"]
[Result "1/2-1/2"]
[WhiteElo "2164"]
[BlackElo "2105"]
[PlyCount "77"]
[EventDate "2008.07.03"]
[EventType "tourn (corr)"]
[EventRounds "6"]
[EventCountry "GER"]
[SourceTitle "Corr 2022"]
[Source "ChessBase"]
[SourceDate "2021.10.24"]
[SourceVersion "1"]
[SourceVersionDate "2021.10.24"]
[SourceQuality "1"]

1. e4 c5 2. Nf3 d6 3. d4 cxd4 4. Nxd4 Nf6 5. Nc3 a6 6. Be3 e5 7. Nb3 Be6 8. f3 Be7 9. Qd2 0-0 10. 0-0-0 Nbd7 11. g4 b5 12. g5 b4 13. Ne2 Ne8 14. f4 a5 15. f5 a4 16. Nbd4 exd4 17. Nxd4 b3 18. Kb1 bxc2+ 19. Nxc2 Bb3 20. axb3 axb3 21. Na3 Ne5 22. h4 Ra4 23. Bd4 Qa8 24. Qg2 Nc7 25. Rh3 Rb8 26. h5 Nb5 27. Bxb5 Rxb5 28. f6 Bf8 29. Bxe5 Rxe5 30. Rxb3 Raxe4 31. fxg7 Kxg7 32. g6 hxg6 33. hxg6 fxg6 34. Nc4 Re6 35. Qf3 Qe8 36. Rb7+ Kg8 37. Qh3 Be7 38. Qb3 Re1 39. Rxe1 1/2-1/2

[Event "LSS SA-2008-0-00016"]
[Site "LSS email"]
[Date "2008.05.31"]
[Round "?"]
[White "Lubben, Hendrik"]
[Black "Bancevich, Sergey Stanislavov"]
[Result "0-1"]
[WhiteElo "2110"]
[BlackElo "2256"]
[PlyCount "96"]
[EventDate "2008.05.26"]
[EventType "tourn (corr)"]
[EventRounds "6"]
[EventCountry "GER"]
[SourceTitle "Corr 2013"]
[Source "ChessBase"]
[SourceDate "2012.11.12"]
[SourceVersion "1"]
[SourceVersionDate "2012.11.12"]
[SourceQuality "1"]
[WhiteTeam "US of America"]
[BlackTeam "US of America"]
[WhiteTeamCountry "USA"]
[BlackTeamCountry "USA"]

1. d4 d5 2. c4 e6 3. Nc3 c6 4. e3 Nf6 5. Nf3 a6 6. b3 Bb4 7. Bd2 Nbd7 8. Bd3 0-0 9. 0-0 Bd6 10. Qc2 b5 11. Rfd1 e5 12. cxd5 cxd5 13. e4 Bb7 14. Nxd5 exd4 15. Nxf6+ Nxf6 16. Re1 Rc8 17. Qb1 Ng4 18. h3 Ne5 19. Nxe5 Bxe5 20. f4 Bc7 21. e5 g6 22. a4 Bb6 23. axb5 axb5 24. Kh2 Qd7 25. Qd1 Bd5 26. Qe2 Bxb3 27. Bxb5 Qe6 28. Ra6 Ra8 29. Rea1 Bd5 30. Bb4 Rxa6 31. Rxa6 Rc8 32. Bd6 Bd8 33. Bd3 Qd7 34. f5 gxf5 35. Qf2 Be6 36. Qg3+ Kh8 37. Bf8 Bg5 38. Bg7+ Kxg7 39. Qxg5+ Kf8 40. Qf6 Kg8 41. Rd6 Qc7 42. Bxf5 Bxf5 43. Qxf5 Re8 44. Qg4+ Kf8 45. Qxd4 Kg8 46. Qg4+ Kf8 47. Qf4 Kg8 48. Qg3+ Kh8 0-1

[Event "LSS SA-2008-0-00016"]
[Site "LSS email"]
[Date "2008.05.31"]
[Round "?"]
[White "Lubben, Hendrik"]
[Black "Herzog, Klaus"]
[Result "1-0"]
[WhiteElo "2105"]
[BlackElo "2027"]
[PlyCount "65"]
[EventDate "2008.05.26"]
[EventType "tourn (corr)"]
[EventRounds "6"]
[EventCountry "GER"]
[SourceTitle "Corr 2011"]
[Source "ChessBase"]
[SourceDate "2010.08.31"]
[SourceVersion "1"]
[SourceVersionDate "2010.08.31"]
[SourceQuality "1"]

1. d4 Nf6 2. c4 g6 3. Nc3 Bg7 4. e4 d6 5. Nf3 0-0 6. Be2 e5 7. 0-0 Na6 8. Be3 Ng4 9. Bg5 Qe8 10. dxe5 h6 11. Bd2 dxe5 12. h3 Nf6 13. Be3 Qe7 14. a3 c6 15. b4 Nh5 16. c5 Rd8 17. Qc1 Nf4 18. Bxf4 exf4 19. e5 g5 20. Bxa6 bxa6 21. Ne4 Bxe5 22. Re1 Bf5 23. Nd6 Bxd6 24. Rxe7 Bxe7 25. Qc3 Bf8 26. Qb3 a5 27. h4 gxh4 28. Re1 Re8 29. Rxe8 Rxe8 30. Nxh4 Re1+ 31. Kh2 Be6 32. Qf3 axb4 33. axb4 1-0

[Event "LSS SA-2008-0-00016"]
[Site "LSS email"]
[Date "2008.05.31"]
[Round "?"]
[White "Lubben, Hendrik"]
[Black "Lahdenmaeki, Leo"]
[Result "1-0"]
[WhiteElo "2105"]
[BlackElo "2024"]
[PlyCount "157"]
[EventDate "2008.05.26"]
[EventType "tourn (corr)"]
[EventRounds "6"]
[EventCountry "GER"]
[SourceTitle "Corr 2011"]
[Source "ChessBase"]
[SourceDate "2010.08.31"]
[SourceVersion "1"]
[SourceVersionDate "2010.08.31"]
[SourceQuality "1"]

1. d4 Nf6 2. c4 c5 3. d5 b5 4. cxb5 a6 5. bxa6 g6 6. Nc3 Bxa6 7. e4 Bxf1 8. Kxf1 d6 9. Nf3 Bg7 10. g3 Nbd7 11. Kg2 0-0 12. Re1 Qa5 13. h3 Rfb8 14. e5 dxe5 15. Nxe5 Nxe5 16. Rxe5 Rb7 17. Qf3 Ne8 18. Re2 Nd6 19. Ne4 Nf5 20. Bd2 Qd8 21. Bc3 Nd4 22. Bxd4 Bxd4 23. d6 Rab8 24. dxe7 Qxe7 25. Nd2 Qd6 26. Nb3 Qa6 27. Nxd4 cxd4 28. b3 Rxb3 29. axb3 Qxa1 30. Re7 Qa8 31. Rxf7 Qxf3+ 32. Rxf3 Kg7 33. h4 Rb4 34. Kf1 g5 35. hxg5 Kg6 36. Ke1 Kxg5 37. Rf4 Rxb3 38. Rxd4 Rb2 39. Kf1 Kf5 40. Rf4+ Kg6 41. Kg2 h5 42. Kf1 Rb1+ 43. Kg2 Rb2 44. Re4 Kf5 45. Re8 Kf6 46. Rf8+ Kg6 47. Rg8+ Kf6 48. Rd8 Ra2 49. Rd5 Kg6 50. Kf3 Ra4 51. Re5 Rb4 52. Re4 Rb5 53. Kf4 Kf6 54. f3 Rb1 55. Rd4 Rb5 56. Rd6+ Kf7 57. Rc6 Ra5 58. Ke3 Ra3+ 59. Kf2 Ra2+ 60. Ke3 Ra3+ 61. Kf4 Ra5 62. Rd6 Rb5 63. Ke3 Rc5 64. Ke2 Rb5 65. Rd2 Kf6 66. Kf2 Rb1 67. Kg2 Rc1 68. Kh3 Rh1+ 69. Rh2 Re1 70. Rf2 Rc1 71. Kg2 Rc4 72. Rf1 Rd4 73. Kh3 Ra4 74. f4 Ra7 75. Rd1 Ra2 76. Rd6+ Kg7 77. Kh4 Ra5 78. Re6 Rb5 79. Re5 1-0

[Event "IECG CA.2008.0.00194"]
[Site "IECG email"]
[Date "2008.05.13"]
[Round "?"]
[White "Laczay, Istvan"]
[Black "Lubben, Hendrik"]
[Result "0-1"]
[WhiteElo "1919"]
[BlackElo "2105"]
[PlyCount "108"]
[EventDate "2008.05.13"]
[EventType "tourn (corr)"]
[EventRounds "6"]
[SourceTitle "Corr 2024"]
[Source "ChessBase"]
[SourceDate "2023.10.19"]
[SourceVersion "1"]
[SourceVersionDate "2023.10.19"]
[SourceQuality "1"]

1. d4 d5 2. c4 e6 3. Nc3 c6 4. e3 Bd6 5. Bd3 f5 6. Nf3 Nf6 7. 0-0 0-0 8. b3 Ne4 9. Bb2 Nd7 10. Qc2 Qe8 11. Ne2 Qh5 12. Ne5 Qh6 13. Nf4 Ndf6 14. f3 g5 15. fxe4 dxe4 16. Be2 gxf4 17. exf4 Kh8 18. Qc1 Qg7 19. Qe3 Bd7 20. Rf2 Rad8 21. a4 Be8 22. Kh1 Bh5 23. Bxh5 Bxe5 24. fxe5 Nxh5 25. Ba3 Rg8 26. Re1 Qg4 27. Kg1 Qh4 28. Bc1 Rg4 29. Ref1 a5 30. Rc2 Rc8 31. Rff2 Rcg8 32. Rf1 Qe7 33. Qh6 Qe8 34. d5 f4 35. Qxe6 Qd8 36. h3 R4g6 37. Qf5 f3 38. Rxf3 exf3 39. Qxf3 Rf8 40. Qxh5 Qb6+ 41. c5 Qxb3 42. Qe2 Qxd5 43. Qd2 Rd8 44. Qxd5 Rxd5 45. Bd2 Kg8 46. Bxa5 Rxe5 47. Bb6 Rge6 48. Kf2 Rf5+ 49. Kg3 Kf7 50. Rd2 Rfe5 51. a5 Rd5 52. Ra2 h5 53. Kh2 Kg6 54. Rf2 Re1 0-1

[Event "LSS RA-2008-0-00010"]
[Site "LSS email"]
[Date "2008.05.03"]
[Round "?"]
[White "Herzog, Klaus"]
[Black "Lubben, Hendrik"]
[Result "1/2-1/2"]
[WhiteElo "2052"]
[BlackElo "2105"]
[PlyCount "60"]
[EventDate "2008.04.17"]
[EventType "tourn (corr)"]
[EventRounds "6"]
[EventCountry "GER"]
[SourceTitle "Corr 2011"]
[Source "ChessBase"]
[SourceDate "2010.08.31"]
[SourceVersion "1"]
[SourceVersionDate "2010.08.31"]
[SourceQuality "1"]

1. e4 c5 2. Nf3 d6 3. d4 cxd4 4. Nxd4 Nf6 5. Nc3 a6 6. Be3 e5 7. Nb3 Be6 8. f3 Be7 9. Qd2 0-0 10. 0-0-0 Nbd7 11. g4 b5 12. g5 b4 13. Ne2 Ne8 14. f4 a5 15. f5 a4 16. fxe6 axb3 17. exf7+ Rxf7 18. Kb1 bxc2+ 19. Qxc2 Bxg5 20. Bxg5 Qxg5 21. Ng3 Kh8 22. Bc4 Rf8 23. Nf5 Rc8 24. h4 Qf6 25. Rdf1 g6 26. Ng3 Qg7 27. Rxf8+ Qxf8 28. h5 gxh5 29. Qe2 Ng7 30. Nxh5 Nxh5 1/2-1/2

[Event "IECG SH.2006.0.00052"]
[Site "IECG email"]
[Date "2006.05.01"]
[Round "?"]
[White "Lubben, Hendrik"]
[Black "Simmelink, Joop Theo"]
[Result "0-1"]
[WhiteElo "2116"]
[BlackElo "2301"]
[PlyCount "34"]
[EventDate "2006.05.01"]
[EventType "tourn (corr)"]
[EventRounds "6"]
[SourceTitle "Corr 2008"]
[Source "ChessBase"]
[SourceDate "2008.06.24"]
[SourceVersion "1"]
[SourceVersionDate "2008.06.24"]
[SourceQuality "1"]

1. d4 Nf6 2. c4 Nc6 3. Nf3 e6 4. a3 d5 5. e3 g6 6. Nc3 Bg7 7. b4 0-0 8. Bb2 Ne7 9. Rc1 b6 10. cxd5 exd5 11. Be2 c6 12. b5 cxb5 13. Nxb5 a6 14. Nc3 b5 15. Ne5 Be6 16. 0-0 Re8 17. Qb3 Qd6 0-1

[Event "IECG CP.2002.P.00111 email"]
[Site "IECG email"]
[Date "2002.10.01"]
[Round "?"]
[White "Lubben, Hendrik"]
[Black "Howes, Tony"]
[Result "0-1"]
[WhiteElo "2138"]
[BlackElo "1375"]
[PlyCount "44"]
[EventDate "2002.10.01"]
[EventType "tourn (corr)"]
[EventRounds "6"]
[EventCountry "FRA"]
[SourceTitle "Corr 2008"]
[Source "ChessBase"]
[SourceDate "2008.06.24"]
[SourceVersion "1"]
[SourceVersionDate "2008.06.24"]
[SourceQuality "1"]

1. d4 Nf6 2. c4 e6 3. Nf3 b6 4. g3 Ba6 5. b3 Bb7 6. Bg2 Bb4+ 7. Bd2 a5 8. Nc3 0-0 9. 0-0 d6 10. Qc2 Nbd7 11. Rfe1 Bxc3 12. Bxc3 Be4 13. Qc1 h6 14. Bh3 d5 15. Nd2 Bh7 16. f3 c6 17. e4 b5 18. a4 b4 19. Bb2 Rc8 20. Qd1 Qe7 21. e5 Ne8 22. f4 Nc7 0-1

[Event "IECG CP.2002.P.00111 email"]
[Site "IECG email"]
[Date "2002.10.01"]
[Round "?"]
[White "Speisser, Patrick"]
[Black "Lubben, Hendrik"]
[Result "1-0"]
[WhiteElo "2145"]
[BlackElo "2138"]
[PlyCount "71"]
[EventDate "2002.10.01"]
[EventType "tourn (corr)"]
[EventRounds "6"]
[EventCountry "FRA"]
[SourceTitle "Corr 2008"]
[Source "ChessBase"]
[SourceDate "2008.06.24"]
[SourceVersion "1"]
[SourceVersionDate "2008.06.24"]
[SourceQuality "1"]

1. e4 c5 2. Nf3 d6 3. d4 cxd4 4. Nxd4 Nf6 5. Nc3 a6 6. Be2 e5 7. Nb3 Be7 8. 0-0 0-0 9. Be3 Be6 10. Qd2 Nbd7 11. a4 Rc8 12. a5 Qc7 13. Rfc1 Rfd8 14. Nd5 Nxd5 15. exd5 Bf5 16. Bd3 Bxd3 17. Qxd3 Qc4 18. Qxc4 Rxc4 19. Nd2 Rc7 20. c4 f5 21. f3 Rdc8 22. b3 h6 23. g4 f4 24. Bf2 Nc5 25. Bxc5 Rxc5 26. h4 g6 27. Ne4 R5c7 28. h5 g5 29. Kf2 Kf7 30. Rc3 Bf8 31. Ra4 Ke8 32. Rb4 Kd7 33. Rb6 Rd8 34. b4 Rdc8 35. c5 dxc5 36. Re6 1-0

[Event "IECG CA.2002.0.00043 email"]
[Site "IECG email"]
[Date "2002.04.03"]
[Round "?"]
[White "Lubben, Hendrik"]
[Black "Bernal B, Nelson"]
[Result "1/2-1/2"]
[WhiteElo "2138"]
[BlackElo "2000"]
[PlyCount "53"]
[EventDate "2002.04.03"]
[EventType "tourn (corr)"]
[EventRounds "6"]
[SourceTitle "Corr 2008"]
[Source "ChessBase"]
[SourceDate "2008.06.24"]
[SourceVersion "1"]
[SourceVersionDate "2008.06.24"]
[SourceQuality "1"]

1. d4 Nf6 2. c4 e6 3. Nf3 b6 4. e3 Bb7 5. Bd3 d5 6. cxd5 exd5 7. Nc3 Bd6 8. 0-0 0-0 9. b3 Re8 10. Bb2 c6 11. Re1 Ba6 12. Rc1 Bxd3 13. Qxd3 Qe7 14. Re2 Ne4 15. Rec2 a5 16. Na4 b5 17. Nc5 a4 18. b4 Bxc5 19. dxc5 Nd7 20. a3 Rac8 21. Qd4 f6 22. Qd3 Qf7 23. Rd1 Qg6 24. Nd2 f5 25. Nf3 Re7 26. Qe2 Rce8 27. Nh4 1/2-1/2

[Event "IECG CA.2002.0.00043 email"]
[Site "IECG email"]
[Date "2002.04.03"]
[Round "?"]
[White "Lubben, Hendrik"]
[Black "Simenon, Stefan"]
[Result "1/2-1/2"]
[WhiteElo "2138"]
[BlackElo "2028"]
[PlyCount "70"]
[EventDate "2002.04.03"]
[EventType "tourn (corr)"]
[EventRounds "6"]
[SourceTitle "Corr 2008"]
[Source "ChessBase"]
[SourceDate "2008.06.24"]
[SourceVersion "1"]
[SourceVersionDate "2008.06.24"]
[SourceQuality "1"]

1. d4 Nf6 2. c4 c5 3. d5 b5 4. cxb5 a6 5. bxa6 Bxa6 6. Nc3 d6 7. Nf3 g6 8. g3 Bg7 9. Bg2 0-0 10. 0-0 Nbd7 11. Qc2 Qb6 12. Rd1 Rfb8 13. Rb1 h6 14. h3 Qa5 15. e4 Ne8 16. Bd2 Nc7 17. b3 Qa3 18. Re1 Nb5 19. Bc1 Qb4 20. Nxb5 Bxb5 21. Re3 Bd4 22. a3 Qa5 23. b4 Qa6 24. Reb3 Ba4 25. Nxd4 cxd4 26. Bxh6 Bxb3 27. Rxb3 Rc8 28. Qd1 Qa7 29. Bc1 Ne5 30. Bf1 Qa4 31. Bb2 Rc3 32. Bxc3 dxc3 33. Bb5 Qxb5 34. Rxc3 Kh7 35. Kg2 Nd7 1/2-1/2

[Event "IECG CA.2002.0.00043 email"]
[Site "IECG email"]
[Date "2002.04.03"]
[Round "?"]
[White "Masquelier, Quentin"]
[Black "Lubben, Hendrik"]
[Result "1/2-1/2"]
[WhiteElo "2085"]
[BlackElo "2138"]
[PlyCount "71"]
[EventDate "2002.04.03"]
[EventType "tourn (corr)"]
[EventRounds "6"]
[SourceTitle "Corr 2008"]
[Source "ChessBase"]
[SourceDate "2008.06.24"]
[SourceVersion "1"]
[SourceVersionDate "2008.06.24"]
[SourceQuality "1"]

1. d4 d5 2. Nf3 Nf6 3. e3 e6 4. Bd3 c5 5. c3 Nc6 6. Nbd2 Bd6 7. 0-0 0-0 8. dxc5 Bxc5 9. e4 Qc7 10. Qe2 h6 11. e5 Ng4 12. Nb3 Bb6 13. Nbd4 f6 14. Nxc6 bxc6 15. Bf4 Bc5 16. Bg3 Nxe5 17. Nxe5 fxe5 18. Bxe5 Bd6 19. Rae1 Bxe5 20. Qxe5 Qxe5 21. Rxe5 Rb8 22. b3 Kf7 23. h4 Ke7 24. f4 Kd6 25. g3 c5 26. Kf2 a5 27. Rfe1 a4 28. Bc2 axb3 29. axb3 Ra8 30. h5 Ra2 31. R1e2 Bd7 32. Bb1 Rxe2+ 33. Kxe2 Bb5+ 34. Kd2 Ra8 35. Kc2 Bf1 36. Kb2 1/2-1/2

[Event "IECG CA.2002.0.00043 email"]
[Site "IECG email"]
[Date "2002.04.03"]
[Round "?"]
[White "Simon, Holger"]
[Black "Lubben, Hendrik"]
[Result "1/2-1/2"]
[WhiteElo "2025"]
[BlackElo "2138"]
[PlyCount "98"]
[EventDate "2002.04.03"]
[EventType "tourn (corr)"]
[EventRounds "6"]
[SourceTitle "Corr 2008"]
[Source "ChessBase"]
[SourceDate "2008.06.24"]
[SourceVersion "1"]
[SourceVersionDate "2008.06.24"]
[SourceQuality "1"]

1. d4 d5 2. c4 c6 3. Nf3 Nf6 4. Nc3 dxc4 5. a4 Bf5 6. Ne5 Nbd7 7. Nxc4 Qc7 8. g3 e5 9. dxe5 Nxe5 10. Bf4 Nfd7 11. Bg2 f6 12. 0-0 Nc5 13. Ne3 Bg6 14. b4 Ne6 15. b5 Rd8 16. Qb3 Bf7 17. Bxe5 fxe5 18. bxc6 bxc6 19. Rab1 Nd4 20. Qb7 Bd6 21. Qa6 0-0 22. Nc4 Bc5 23. e3 Nc2 24. Rfc1 Nb4 25. Qa5 Qxa5 26. Nxa5 Bg6 27. Ne4 Bb6 28. Nb7 Rb8 29. Rxb4 Rxb7 30. Rxc6 Rd7 31. Rc1 Rfd8 32. h3 Kf8 33. Bf3 Bxe4 34. Rxe4 Rc7 35. Rxc7 Bxc7 36. Rc4 Bb6 37. Rc2 Rd7 38. Kg2 Rc7 39. Rxc7 Bxc7 40. Bd5 Ke7 41. Kf3 Kf6 42. Ke4 h5 43. f4 Bd6 44. g4 exf4 45. exf4 hxg4 46. hxg4 g5 47. fxg5+ Kxg5 48. Be6 a5 49. Kd5 Bb4 1/2-1/2

[Event "IECG CA.2002.0.00043 email"]
[Site "IECG email"]
[Date "2002.04.03"]
[Round "?"]
[White "Vanhamme, Patrick J"]
[Black "Lubben, Hendrik"]
[Result "1/2-1/2"]
[WhiteElo "2054"]
[BlackElo "2138"]
[PlyCount "35"]
[EventDate "2002.04.03"]
[EventType "tourn (corr)"]
[EventRounds "6"]
[SourceTitle "Corr 2008"]
[Source "ChessBase"]
[SourceDate "2008.06.24"]
[SourceVersion "1"]
[SourceVersionDate "2008.06.24"]
[SourceQuality "1"]

1. e4 c6 2. d4 d5 3. e5 Bf5 4. c3 e6 5. Be3 Qb6 6. Qb3 Nd7 7. Nd2 Rc8 8. f4 c5 9. Qxb6 Nxb6 10. dxc5 Bxc5 11. Bxc5 Rxc5 12. Ngf3 a6 13. Nd4 Ne7 14. Be2 h5 15. Nxf5 Nxf5 16. Kf2 Rc7 17. Bd3 Ne7 18. a4 1/2-1/2

[Event "IECG CA.2002.0.00034"]
[Site "IECG email"]
[Date "2002.01.23"]
[Round "1"]
[White "Lubben, Hendrik"]
[Black "Borelli, Carlo"]
[Result "1/2-1/2"]
[WhiteElo "2123"]
[BlackElo "2125"]
[PlyCount "98"]
[EventDate "2002.01.23"]
[EventType "tourn (corr)"]
[EventRounds "6"]
[SourceTitle "Corr 2024"]
[Source "ChessBase"]
[SourceDate "2023.10.19"]
[SourceVersion "1"]
[SourceVersionDate "2023.10.19"]
[SourceQuality "1"]

1. d4 Nf6 2. c4 e6 3. Nf3 b6 4. a3 d5 5. Nc3 Be7 6. cxd5 Nxd5 7. e4 Nxc3 8. bxc3 0-0 9. Bb2 c5 10. Bd3 Nd7 11. Qe2 Qc7 12. 0-0 Bb7 13. Rfe1 Rfc8 14. Rad1 c4 15. Bc2 b5 16. e5 a5 17. Nd2 b4 18. Ra1 b3 19. Be4 Nb6 20. Bxb7 Qxb7 21. Ne4 Nd5 22. Rab1 a4 23. h3 Qd7 24. Qg4 Rc7 25. Ng3 Qd8 26. Ne4 Qf8 27. Ra1 Rb8 28. Rf1 Kh8 29. g3 Rb6 30. Qe2 Qc8 31. f4 g6 32. Rf3 Qf8 33. g4 Qh6 34. Qh2 Rcb7 35. Kh1 Rc6 36. h4 Qg7 37. g5 Rcc7 38. h5 gxh5 39. Qxh5 Qg6 40. Nf6 Bxf6 41. Qxg6 fxg6 42. exf6 h5 43. Kg2 Rd7 44. Re1 Rb6 45. Rf2 Kg8 46. Rff1 Kf7 47. Kf3 Rd8 48. Rf2 Rb5 49. Re5 Rb7 1/2-1/2